| 000 | 01187cam a22002533a 4500 | ||
|---|---|---|---|
| 001 | 19336 | ||
| 003 | PGUSA | ||
| 005 | 20140828083417.0 | ||
| 008 | 060919s2006||||xxu|||||s|||||000 | eng d | ||
| 040 |
_aPGUSA _beng |
||
| 042 | _adc | ||
| 050 | 4 | _aPS | |
| 100 | 1 |
_aPorter, Eleanor H. _q(Eleanor Hodgman), _d1868-1920 |
|
| 245 | 1 | 4 |
_aThe Tangled Threads _h[electronic resource] / _cEleanor H. Porter |
| 260 |
_bProject Gutenberg, _c2006 |
||
| 505 | 0 | _aA Delayed Heritage -- The Folly of Wisdom -- Crumbs -- A Four-Footed Faith and a Two -- A Matter of System -- Angelus -- The Apple of Her Eye -- A Mushroom Of Collingsville -- That Angel Boy -- The Lady in Black -- The Saving of Dad -- Millionaire Mike's Thanksgiving -- When Mother Fell Ill -- The Glory and the Sacrifice -- The Daltons and the Legacy -- The Letter -- The Indivisible Five -- The Elephant's Board and Keep -- A Patron of Art -- When Polly Ann Played Santa Claus. | |
| 506 | _aPublic domain in the USA. | ||
| 516 | _aElectronic text | ||
| 653 | _aShort stories | ||
| 653 | _aChildren's stories, American | ||
| 830 | 0 |
_aProject Gutenberg _v19336 |
|
| 856 | 4 | 0 | _uhttp://www.gutenberg.org/ebooks/19336 |
| 942 | _cEB | ||
| 999 |
_c248591 _d248591 |
||